[Event "1. Bundesliga 2015/2016"]
[Site "St. Veit/Glan"]
[Date "2016.02.26"]
[Round "6"]
[Board "2"]
[White "Bayer, Bernhard"]
[Black "Bosiocic, Marin"]
[Result "1/2-1/2"]
[WhiteElo "2429"]
[BlackElo "2564"]
[PlyCount "150"]
[EventDate "2015.11.05"]
[EventType "team"]
[EventRounds "11"]
[EventCountry "AUT"]
[WhiteTeam "Schachklub Absam"]
[BlackTeam "SV Jacques Lemans St. Veit"]

1.d4 Nf6 2.Nf3 g6 3.g3 Bg7 4.Bg2 O-O 5.c4 d6 6.Nc3 Nbd7 7.O-O e5 8.e3 Re8 9.Qc2 c6
10.b4 exd4 11.exd4 Nb6 12.c5 Bf5 13.Qb3 Be6 14.Qc2 Nbd5 15.Nxd5 Nxd5 16.Bd2 dxc5 17.bxc5
Bf5 18.Qb2 Qc7 19.Rfe1 Be4 20.Re2 Re7 21.Rae1 Rae8 22.Bg5 f6 23.Bd2 g5 24.h3 Bg6 25.Rxe7
Rxe7 26.Qa3 a6 27.Qb3 Bf7 28.Qd3 h6 29.h4 Rxe1+ 30.Bxe1 g4 31.Nh2 Qd7 32.Bd2 f5 33.Nf1
Ne7 34.Qb1 h5 35.Be3 Ng6 36.a3 Be6 37.Qd3 Ne5 38.Qc3 Nf3+ 39.Bxf3 gxf3 40.Nd2 Bd5
41.Bf4 Qe6 42.Be5 f4 43.Nxf3 Qg4 44.Bxg7 Kxg7 45.Kg2 Kf6 46.Qd3 Ke6 47.Qe2+ Kd7 48.Qd3
Kc8 49.Qe2 Kd7 50.Qd3 Kd8 51.Qc3 Qf5 52.Qd2 Bxf3+ 53.Kxf3 fxg3+ 54.Kxg3 Qg4+ 55.Kh2
Qxh4+ 56.Kg2 Qg4+ 57.Kh2 Qh4+ 58.Kg2 Qg4+ 59.Kh2 Kd7 60.Qe3 Qf5 61.f3 Qf7 62.Kg3 a5
63.Qe5 h4+ 64.Kxh4 Qxf3 65.Qd6+ Kc8 66.Qe6+ Kb8 67.Qd6+ Ka7 68.Qd8 Qf4+ 69.Kh5 Qh2+
70.Kg5 Qg3+ 71.Kh5 Qh3+ 72.Kg5 Qxa3 73.Qb6+ Kb8 74.Qd8+ Ka7 75.Qb6+ Kb8 1/2-1/2

[Event "1. Bundesliga 2015/2016"]
[Site "St. Veit/Glan"]
[Date "2016.02.26"]
[Round "6"]
[Board "3"]
[White "Rogic, Davor"]
[Black "Dizdar, Goran"]
[Result "0-1"]
[WhiteElo "2532"]
[BlackElo "2512"]
[PlyCount "108"]
[EventDate "2015.11.05"]
[EventType "team"]
[EventRounds "11"]
[EventCountry "AUT"]
[WhiteTeam "SV Jacques Lemans St. Veit"]
[BlackTeam "Schachklub Absam"]

1.e4 e6 2.d4 d5 3.Nc3 Bb4 4.e5 Ne7 5.a3 Bxc3+ 6.bxc3 c5 7.Qg4 Kf8 8.Bd2 b6 9.Nh3 Ng6
10.Bd3 Ba6 11.Ng5 Bxd3 12.cxd3 Qd7 13.O-O h6 14.Nf3 cxd4 15.cxd4 Nc6 16.h4 Kg8 17.Qh5
Nge7 18.Rfc1 Nf5 19.Qg4 Kh7 20.Qf4 Rhf8 21.Rc3 Rac8 22.Rac1 Kg8 23.h5 Nfe7 24.g4 Kh7
25.Kg2 f6 26.Qg3 fxe5 27.Nxe5 Nxe5 28.Rxc8 Rxc8 29.Rxc8 Qxc8 30.dxe5 Qc2 31.Bb4 Nc6
32.Bd6 Qe2 33.Qf3 Qd2 34.Qf7 Qxd3 35.Qxe6 Qe4+ 36.Kg3 Nd4 37.Qg6+ Qxg6 38.hxg6+ Kxg6
39.f4 h5 40.f5+ Nxf5+ 41.gxf5+ Kxf5 42.Kh4 g6 43.Bb8 d4 44.Kg3 b5 45.Kf3 Ke6 46.Ke2
h4 47.Bxa7 h3 48.Kf3 Kxe5 49.Bb8+ Kf5 50.Bc7 g5 51.Ke2 Ke4 52.Bd6 d3+ 53.Kf2 g4 54.Bc7
Kd4 0-1

[Event "1. Bundesliga 2015/2016"]
[Site "St. Veit/Glan"]
[Date "2016.02.26"]
[Round "6"]
[Board "4"]
[White "Rotstein, Arkadij"]
[Black "Koop, Thorben"]
[Result "1-0"]
[WhiteElo "2513"]
[BlackElo "2423"]
[PlyCount "87"]
[EventDate "2015.11.05"]
[EventType "team"]
[EventRounds "11"]
[EventCountry "AUT"]
[WhiteTeam "Schachklub Absam"]
[BlackTeam "SV Jacques Lemans St. Veit"]

1.g3 d5 2.Bg2 e5 3.d3 Nc6 4.Nd2 Be6 5.e4 Qd7 6.exd5 Bxd5 7.Ngf3 O-O-O 8.O-O f6 9.a3
g5 10.b4 g4 11.Nh4 Bxg2 12.Kxg2 f5 13.f3 gxf3+ 14.Qxf3 Nd4 15.Qd1 Bg7 16.Bb2 Ne7 17.Bxd4
exd4 18.Qf3 Rhf8 19.Nb3 Nd5 20.Nc5 Qc6 21.Rae1 Rf6 22.Nxf5 Rdf8 23.Qe4 b6 24.Nxd4
Ne3+ 25.Rxe3 Qxe4+ 26.Nxe4 Rxf1 27.Ne6 Rc1 28.Nxf8 Bxf8 29.c4 a5 30.Rf3 Be7 31.Rf7
Kd8 32.bxa5 bxa5 33.a4 Ra1 34.Nc3 Bb4 35.Nd5 c6 36.Nb6 Bc5 37.Nd7 Ra2+ 38.Kh3 Bg1
39.Ne5 Rxh2+ 40.Kg4 h5+ 41.Kg5 Be3+ 42.Kg6 c5 43.Rh7 Bf2 44.Ng4 1-0

[Event "1. Bundesliga 2015/2016"]
[Site "St. Veit/Glan"]
[Date "2016.02.26"]
[Round "6"]
[Board "5"]
[White "Hoelzl, Franz"]
[Black "Deglmann, Ludwig"]
[Result "1/2-1/2"]
[WhiteElo "2327"]
[BlackElo "2320"]
[PlyCount "80"]
[EventDate "2015.11.05"]
[EventType "team"]
[EventRounds "11"]
[EventCountry "AUT"]
[WhiteTeam "SV Jacques Lemans St. Veit"]
[BlackTeam "Schachklub Absam"]

1.d4 f5 2.Nf3 Nf6 3.e3 g6 4.b4 Bg7 5.Bb2 d6 6.c4 e5 7.dxe5 Ng4 8.Qb3 Nxe5 9.c5 a5
10.Nbd2 a4 11.Qc2 a3 12.Bxe5 dxe5 13.Rd1 Qe7 14.e4 O-O 15.Bc4+ Kh8 16.O-O Nc6 17.Qb3
g5 18.b5 Na5 19.Qxa3 g4 20.Ne1 f4 21.Be2 Be6 22.Qc3 Rf6 23.g3 f3 24.Nexf3 gxf3 25.Nxf3
Bg4 26.Rd2 Bxf3 27.Bxf3 b6 28.c6 Rd8 29.Rxd8+ Qxd8 30.Rd1 Rd6 31.Rxd6 Qxd6 32.Be2
Kg8 33.Kg2 Kf7 34.Qf3+ Qf6 35.h4 Qxf3+ 36.Kxf3 h5 37.Kg2 Kg6 38.Kh3 Bh6 39.f3 Be3
40.Bd3 Kf6 1/2-1/2

[Event "1. Bundesliga 2015/2016"]
[Site "St. Veit/Glan"]
[Date "2016.02.26"]
[Round "6"]
[Board "6"]
[White "De Francesco, Klaus"]
[Black "Hebesberger, Thomas"]
[Result "1/2-1/2"]
[WhiteElo "2275"]
[BlackElo "2319"]
[PlyCount "63"]
[EventDate "2015.11.05"]
[EventType "team"]
[EventRounds "11"]
[EventCountry "AUT"]
[WhiteTeam "Schachklub Absam"]
[BlackTeam "SV Jacques Lemans St. Veit"]

1.d4 Nf6 2.c4 e6 3.Nc3 Bb4 4.f3 c5 5.d5 b5 6.e4 bxc4 7.Bxc4 exd5 8.Bxd5 Nxd5 9.Qxd5
Nc6 10.Nge2 Ba6 11.Kf2 O-O 12.Rd1 Qb6 13.Be3 Bxc3 14.bxc3 Qb2 15.Qd2 Qa3 16.Rab1 Ne5
17.Bf4 Nd3+ 18.Kg1 d5 19.exd5 Rfe8 20.Ng3 Rad8 21.c4 Bxc4 22.d6 Ba6 23.Nf5 c4 24.Ne7+
Kh8 25.Bg3 c3 26.Qc2 Qc5+ 27.Kh1 Nb4 28.Rxb4 Qxb4 29.Nc6 Qc4 30.Nxd8 Rxd8 31.Be5 f6
32.Bg3 1/2-1/2

[Event "1. Bundesliga 2015/2016"]
[Site "St. Veit/Glan"]
[Date "2016.02.27"]
[Round "7"]
[Board "1"]
[White "Luther, Thomas"]
[Black "Melkumyan, Hrant"]
[Result "1/2-1/2"]
[WhiteElo "2558"]
[BlackElo "2646"]
[PlyCount "178"]
[EventDate "2015.11.05"]
[EventType "team"]
[EventRounds "11"]
[EventCountry "AUT"]
[WhiteTeam "Schachklub Absam"]
[BlackTeam "ASVOE Wulkaprodersdorf"]

1.e4 e5 2.Nf3 Nc6 3.Bb5 a6 4.Bxc6 dxc6 5.O-O Qf6 6.d4 exd4 7.Bg5 Qd6 8.Nxd4 Bd7 9.Nc3
Be7 10.Bxe7 Nxe7 11.Nde2 O-O-O 12.Qc1 Qc5 13.Rb1 b6 14.b4 Qc4 15.Qa3 Ng6 16.Rfd1 Be6
17.b5 cxb5 18.Qxa6+ Kb8 19.Re1 b4 20.Qxc4 Bxc4 21.Rxb4 Bxe2 22.Nxe2 Rd2 23.Rc4 Ne5
24.Rc3 Kb7 25.Ng3 g5 26.Nf1 Rd4 27.f3 Ra8 28.Ra1 Rda4 29.a3 Nc4 30.Ne3 Nxa3 31.Rd1
Nb5 32.Rcd3 Ra1 33.Rxa1 Rxa1+ 34.Kf2 Ra2 35.Kg3 Na3 36.Rd7 Nxc2 37.Nd5 Ne1 38.Rxc7+
Kb8 39.Kg4 Rxg2+ 40.Kf5 Nxf3 41.Rxf7 Rxh2 42.Nxb6 h5 43.e5 g4 44.e6 Nd4+ 45.Ke5 Nxe6
46.Kxe6 g3 47.Rg7 h4 48.Nd7+ Ka7 49.Ne5+ Ka6 50.Nf3 Rh1 51.Rg4 h3 52.Rxg3 h2 53.Rh3
Kb5 54.Nxh2 Kc4 55.Rh8 Re1+ 56.Kf5 Rh1 57.Rc8+ Kd5 58.Rd8+ Kc5 59.Nf3 Rh6 60.Ke4 Rh5
61.Ra8 Rh1 62.Ra5+ Kd6 63.Rd5+ Ke7 64.Rd2 Kf6 65.Rd6+ Ke7 66.Ra6 Rf1 67.Nd4 Re1+ 68.Kd5
Kf7 69.Nf3 Rd1+ 70.Ke5 Ke7 71.Rh6 Kd7 72.Rh7+ Kc6 73.Nd4+ Kc5 74.Rc7+ Kb6 75.Rc6+
Kb7 76.Rc2 Rh1 77.Kd6 Rh6+ 78.Ne6 Ka6 79.Rb2 Rg6 80.Kd5 Ka5 81.Kc5 Ka4 82.Nd4 Rg5+
83.Kc4 Ka5 84.Nc6+ Ka6 85.Ne7 Rg1 86.Nd5 Rc1+ 87.Nc3 Rh1 88.Ne4 Rh4 89.Kd5 Ka5 1/2-1/2

[Event "1. Bundesliga 2015/2016"]
[Site "St. Veit/Glan"]
[Date "2016.02.27"]
[Round "7"]
[Board "2"]
[White "Kraemer, Martin"]
[Black "Bayer, Bernhard"]
[Result "1-0"]
[WhiteElo "2570"]
[BlackElo "2429"]
[PlyCount "101"]
[EventDate "2015.11.05"]
[EventType "team"]
[EventRounds "11"]
[EventCountry "AUT"]
[WhiteTeam "ASVOE Wulkaprodersdorf"]
[BlackTeam "Schachklub Absam"]

1.e4 e5 2.Nf3 Nc6 3.Bb5 a6 4.Ba4 Nf6 5.O-O Be7 6.Re1 b5 7.Bb3 d6 8.c3 O-O 9.h3 Nb8
10.d4 Nbd7 11.Nbd2 Bb7 12.Bc2 Re8 13.Nf1 Bf8 14.Ng3 g6 15.b3 Bg7 16.d5 Nb6 17.Rb1
c6 18.c4 Qc7 19.Be3 Nfd7 20.Bd3 Nc5 21.Bf1 Bf8 22.Qd2 bxc4 23.Bxc5 dxc5 24.bxc4 Nc8
25.Ne2 cxd5 26.cxd5 Nd6 27.Nc3 Bc8 28.Na4 Nb5 29.Rec1 Bd7 30.Qe3 Nd4 31.Nb6 Ra7 32.a4
Rb7 33.a5 Bb5 34.Bc4 Qe7 35.Qd3 Bg7 36.Nxd4 exd4 37.Bxb5 axb5 38.Rxb5 Qxe4 39.Qxe4
Rxe4 40.Rbxc5 Bf8 41.Rc8 Kg7 42.Rd1 Bb4 43.Nc4 Ra7 44.d6 Kf6 45.f3 Re1+ 46.Rxe1 Bxe1
47.Kf1 Bg3 48.Ke2 Ke6 49.Re8+ Kf6 50.Kd3 Rd7 51.Rc8 1-0

[Event "1. Bundesliga 2015/2016"]
[Site "St. Veit/Glan"]
[Date "2016.02.27"]
[Round "7"]
[Board "3"]
[White "Dizdar, Goran"]
[Black "Antal, Gergely"]
[Result "1/2-1/2"]
[WhiteElo "2512"]
[BlackElo "2538"]
[PlyCount "221"]
[EventDate "2015.11.05"]
[EventType "team"]
[EventRounds "11"]
[EventCountry "AUT"]
[WhiteTeam "Schachklub Absam"]
[BlackTeam "ASVOE Wulkaprodersdorf"]

1.d4 Nf6 2.Nf3 g6 3.c4 Bg7 4.g3 c6 5.Bg2 d5 6.cxd5 cxd5 7.Ne5 Ne4 8.O-O O-O 9.Nd2
Nxd2 10.Bxd2 Nd7 11.Qb3 Nxe5 12.dxe5 Bxe5 13.Bh6 Bg7 14.Bxg7 Kxg7 15.Bxd5 Qb6 16.Rfd1
Qxb3 17.Bxb3 Bf5 18.f3 Rac8 19.g4 Bc2 20.Rd7 Bxb3 21.axb3 Rc2 22.Kf2 Rxb2 23.Rxb7
Ra8 24.Ra4 g5 25.Ra5 h6 26.Rxe7 Rxb3 27.Rf5 Rf8 28.Rxa7 Rb6 29.Kg3 Rf6 30.Re5 Rb8
31.h4 gxh4+ 32.Kxh4 Rbb6 33.Ra8 Rfe6 34.Re8 Rxe8 35.Rxe8 Rb5 36.e4 Rb3 37.f4 Rb1 38.e5
Rh1+ 39.Kg3 Rg1+ 40.Kh3 Ra1 41.f5 Ra3+ 42.Kg2 Ra2+ 43.Kf3 Ra3+ 44.Ke4 Ra4+ 45.Kd5
Ra5+ 46.Kd6 Ra6+ 47.Kc5 h5 48.f6+ Kh6 49.gxh5 Kxh5 50.Rg8 Ra5+ 51.Kd4 Ra4+ 52.Kd5
Ra5+ 53.Ke4 Ra1 54.Rg7 Ra7 55.Kf5 Kh6 56.Rxf7 Rxf7 57.e6 Ra7 58.e7 Ra5+ 59.Ke6 Ra6+
60.Kf7 Kg5 61.e8=Q Rxf6+ 62.Kg7 Rf5 63.Qe4 Rf4 64.Qe5+ Kg4 65.Kg6 Kf3 66.Kg5 Re4 67.Qd5
Ke3 68.Kf5 Rd4 69.Qc5 Kd3 70.Ke5 Rc4 71.Qb5 Kc3 72.Kd5 Rb4 73.Qa5 Kb3 74.Kc5 Rc4+
75.Kd5 Rb4 76.Qa1 Rb5+ 77.Kd4 Kb4 78.Qe1+ Kb3 79.Qe6+ Kb4 80.Qa2 Rb6 81.Qd2+ Kb5 82.Qe2+
Kc6 83.Kc4 Kd7 84.Qg4+ Kd6 85.Qf4+ Kc6 86.Qe4+ Kd6 87.Qg6+ Kc7 88.Qf7+ Kd6 89.Qf8+
Kc7 90.Qe7+ Kc6 91.Qe8+ Kc7 92.Kc5 Rb7 93.Qa8 Rb2 94.Qc6+ Kb8 95.Qd6+ Ka7 96.Qc7+
Ka8 97.Qd8+ Ka7 98.Qd7+ Rb7 99.Qd8 Rb2 100.Qd7+ Rb7 101.Qa4+ Kb8 102.Qa5 Rb1 103.Qd8+
Ka7 104.Qe7+ Rb7 105.Qf8 Rb1 106.Qg7+ Rb7 107.Qa1+ Kb8 108.Qh1 Ka7 109.Kc6 Kb8 110.Qh8+
Ka7 111.Qd4+ 1/2-1/2

[Event "1. Bundesliga 2015/2016"]
[Site "St. Veit/Glan"]
[Date "2016.02.27"]
[Round "7"]
[Board "4"]
[White "Schneider, Ilja"]
[Black "Rotstein, Arkadij"]
[Result "1-0"]
[WhiteElo "2505"]
[BlackElo "2513"]
[PlyCount "141"]
[EventDate "2015.11.05"]
[EventType "team"]
[EventRounds "11"]
[EventCountry "AUT"]
[WhiteTeam "ASVOE Wulkaprodersdorf"]
[BlackTeam "Schachklub Absam"]

1.d4 g6 2.e4 Bg7 3.Nc3 d6 4.Nf3 Nf6 5.Be2 O-O 6.O-O a6 7.a4 Nc6 8.d5 Nb8 9.Be3 a5
10.h3 Na6 11.Re1 Nb4 12.Qd2 Bd7 13.Rad1 c6 14.Bc4 Qc7 15.Bb3 b5 16.dxc6 Bxc6 17.axb5
Bxe4 18.b6 Qb7 19.Nxe4 Nxe4 20.Bd5 Nxd2 21.Bxb7 Rab8 22.Rxd2 Rxb7 23.c3 Nc6 24.Ra1
Rfb8 25.Ra4 Kf8 26.Rc4 Rxb6 27.Bxb6 Rxb6 28.b4 Bf6 29.bxa5 Nxa5 30.Rc8+ Kg7 31.g4
Rb1+ 32.Kg2 h6 33.h4 Nb3 34.Re2 g5 35.hxg5 hxg5 36.Rb8 Nd2 37.Rxb1 Nxb1 38.c4 Nc3
39.Re3 Na4 40.Nd2 Nc5 41.Ne4 Nxe4 42.Rxe4 e6 43.Kf3 Bc3 44.Re2 Bd4 45.Ke4 Bc5 46.Kd3
Kf6 47.Kc3 Ke7 48.Kb3 Kd7 49.f3 e5 50.Kc3 Ke6 51.Rh2 f6 52.Kd3 Bg1 53.Rh6 Bc5 54.Rh1
Bf2 55.Kc3 Bc5 56.Rh7 Bd4+ 57.Kd3 Bc5 58.Rh1 Bf2 59.Kc3 Bc5 60.Kb3 Bd4 61.Rh8 Bc5
62.Ka4 Bd4 63.Kb5 Kd7 64.Rh7+ Ke6 65.Kc6 Bc5 66.Rh8 Bb4 67.Re8+ Kf7 68.Kd7 f5 69.Re7+
Kf6 70.Re6+ Kf7 71.gxf5 1-0

[Event "1. Bundesliga 2015/2016"]
[Site "St. Veit/Glan"]
[Date "2016.02.27"]
[Round "7"]
[Board "5"]
[White "De Francesco, Klaus"]
[Black "Volkmann, Friedrich Karl"]
[Result "1/2-1/2"]
[WhiteElo "2275"]
[BlackElo "2433"]
[PlyCount "103"]
[EventDate "2015.11.05"]
[EventType "team"]
[EventRounds "11"]
[EventCountry "AUT"]
[WhiteTeam "Schachklub Absam"]
[BlackTeam "ASVOE Wulkaprodersdorf"]

1.d4 d5 2.c4 Nc6 3.Nc3 dxc4 4.d5 Ne5 5.Nf3 Nxf3+ 6.exf3 e5 7.Bxc4 Bd6 8.O-O Ne7 9.Ne4
O-O 10.a4 Nf5 11.b3 Re8 12.Bb2 Bb4 13.Rc1 Nd6 14.Qe2 Nxe4 15.fxe4 Qh4 16.Qe3 Bd6 17.Be2
Bd7 18.Bb5 Bxb5 19.axb5 Qe7 20.Rc2 Qd7 21.Qe2 a6 22.bxa6 Rxa6 23.Qc4 h6 24.Bc3 Qe7
25.Bd2 Rea8 26.Be3 Qe8 27.h3 Ra3 28.Rb1 R8a5 29.b4 Qb5 30.Qxb5 Rxb5 31.Bc5 Kf8 32.Bxd6+
cxd6 33.Rc8+ Ke7 34.Rbc1 Rxb4 35.R1c7+ Kf6 36.Rf8 Kg5 37.Rcxf7 g6 38.Rg8 Rxe4 39.Rfg7
Re1+ 40.Kh2 Re2 41.Rxg6+ Kf5 42.Rxd6 Rd3 43.Rxh6 Rxd5 44.Rb6 Rd7 45.Rf8+ Ke4 46.h4
Kd4 47.h5 Kc5 48.Rb3 Re4 49.Rh3 Rh7 50.h6 Rg4 51.Rf6 Rg5 52.Rg3 1/2-1/2

[Event "1. Bundesliga 2015/2016"]
[Site "St. Veit/Glan"]
[Date "2016.02.27"]
[Round "7"]
[Board "6"]
[White "Wallner, Joachim"]
[Black "Gerhold, Michael"]
[Result "1-0"]
[WhiteElo "2311"]
[BlackElo "2202"]
[PlyCount "73"]
[EventDate "2015.11.05"]
[EventType "team"]
[EventRounds "11"]
[EventCountry "AUT"]
[WhiteTeam "ASVOE Wulkaprodersdorf"]
[BlackTeam "Schachklub Absam"]

1.b3 e5 2.Bb2 Nc6 3.e3 d6 4.Bb5 Bd7 5.Ne2 a6 6.Bxc6 Bxc6 7.O-O Qg5 8.f3 Ne7 9.c4 h5
10.e4 h4 11.d4 h3 12.g3 f5 13.Qd2 Qxd2 14.Nxd2 O-O-O 15.d5 Bd7 16.f4 g6 17.fxe5 Bg7
18.Nf4 Bxe5 19.Bxe5 dxe5 20.Nd3 fxe4 21.Nxe5 e3 22.Ndf3 Rde8 23.Rae1 Nf5 24.Nxg6 Rhg8
25.Nfe5 Nd6 26.Nxd7 Rxg6 27.Nf8 Rg4 28.Ne6 Re4 29.Rf3 b5 30.cxb5 axb5 31.Rexe3 Rg4
32.Rc3 Re7 33.Rf8+ Kb7 34.Rh8 Kb6 35.Rc6+ Ka5 36.a3 Ne8 37.Nc5 1-0

[Event "1. Bundesliga 2015/2016"]
[Site "St. Veit/Glan"]
[Date "2016.02.27"]
[Round "7"]
[Board "1"]
[White "Schmidt, Peter"]
[Black "Prohaszka, Peter"]
[Result "0-1"]
[WhiteElo "2386"]
[BlackElo "2598"]
[PlyCount "98"]
[EventDate "2015.11.05"]
[EventType "team"]
[EventRounds "11"]
[EventCountry "AUT"]
[WhiteTeam "Spg Sauwald"]
[BlackTeam "SV Jacques Lemans St. Veit"]

1.d4 d5 2.c4 dxc4 3.Nf3 a6 4.e3 Bg4 5.Bxc4 e6 6.Nc3 Nc6 7.O-O Nf6 8.Be2 Bd6 9.b3 O-O
10.Bb2 Qe7 11.h3 Bh5 12.Ne5 Bxe2 13.Nxc6 Bxd1 14.Nxe7+ Bxe7 15.Rfxd1 c6 16.Kf1 Rad8
17.Ke2 Nd5 18.Nxd5 exd5 19.a4 f5 20.Ba3 Rde8 21.f4 a5 22.Bxe7 Rxe7 23.Rab1 g5 24.g3
Rfe8 25.Rd3 gxf4 26.gxf4 Rg7 27.Kf2 Kf7 28.Rdd1 Reg8 29.Rg1 Rxg1 30.Rxg1 Rxg1 31.Kxg1
Kg6 32.Kf2 Kh5 33.Kg3 b6 34.Kf2 Kh4 35.Kg2 c5 36.Kh2 Kh5 37.Kg3 Kg6 38.Kf3 Kf7 39.Ke2
c4 40.bxc4 dxc4 41.Kd2 Ke6 42.Kc3 Kd5 43.h4 h5 44.Kb2 Kc6 45.Kc2 b5 46.Kc3 Kb6 47.axb5
Kxb5 48.Kc2 a4 49.Kb2 Kb4 0-1

[Event "1. Bundesliga 2015/2016"]
[Site "St. Veit/Glan"]
[Date "2016.02.27"]
[Round "7"]
[Board "2"]
[White "Bosiocic, Marin"]
[Black "Testor, Sebastian"]
[Result "1/2-1/2"]
[WhiteElo "2564"]
[BlackElo "2330"]
[PlyCount "135"]
[EventDate "2015.11.05"]
[EventType "team"]
[EventRounds "11"]
[EventCountry "AUT"]
[WhiteTeam "SV Jacques Lemans St. Veit"]
[BlackTeam "Spg Sauwald"]

1.d4 e6 2.c4 Nf6 3.Nc3 Bb4 4.e3 O-O 5.Bd3 d5 6.Nf3 c5 7.O-O dxc4 8.Bxc4 Nbd7 9.a3
cxd4 10.axb4 dxc3 11.bxc3 Qc7 12.Be2 Nd5 13.c4 Nc3 14.Qc2 Nxe2+ 15.Qxe2 b6 16.Nd4
Bb7 17.Bb2 a6 18.Rfc1 Rfc8 19.f3 Ne5 20.c5 Nc6 21.Qe1 bxc5 22.Rxc5 Qd6 23.Nxc6 Rxc6
24.Rg5 g6 25.Rd1 Qe7 26.Qh4 f6 27.Rxg6+ hxg6 28.Bxf6 Qh7 29.Qxh7+ Kxh7 30.Rd7+ Kg8
31.Rxb7 Rac8 32.Be5 Rc1+ 33.Kf2 R8c2+ 34.Kg3 Rg1 35.Kf4 Rgxg2 36.h4 Rc6 37.Bf6 Kf8
38.e4 Rg1 39.Ke5 Rgc1 40.Ra7 Rb1 41.Be7+ Ke8 42.Kf6 e5+ 43.Kxe5 Rd1 44.Bg5 Rd7 45.Ra8+
Kf7 46.h5 gxh5 47.f4 Rb6 48.Kf5 Kg7 49.e5 Rf7+ 50.Bf6+ Rbxf6+ 51.exf6+ Rxf6+ 52.Kg5
Rg6+ 53.Kxh5 Rb6 54.Kg5 Rxb4 55.Ra7+ Kf8 56.Rxa6 Rb7 57.f5 Rg7+ 58.Rg6 Ra7 59.Kh6
Ra1 60.Rf6+ Kg8 61.Kg5 Rg1+ 62.Kf4 Rf1+ 63.Ke5 Re1+ 64.Kd6 Kg7 65.Re6 Rf1 66.Ke5 Re1+
67.Kd6 Rf1 68.Ke5 1/2-1/2

[Event "1. Bundesliga 2015/2016"]
[Site "St. Veit/Glan"]
[Date "2016.02.27"]
[Round "7"]
[Board "3"]
[White "Hiermann, Dietmar"]
[Black "Rogic, Davor"]
[Result "0-1"]
[WhiteElo "2270"]
[BlackElo "2532"]
[PlyCount "64"]
[EventDate "2015.11.05"]
[EventType "team"]
[EventRounds "11"]
[EventCountry "AUT"]
[WhiteTeam "Spg Sauwald"]
[BlackTeam "SV Jacques Lemans St. Veit"]

1.e4 e5 2.Nf3 Nc6 3.Bc4 Bc5 4.c3 Nf6 5.d3 d6 6.Nbd2 a6 7.Bb3 Be6 8.Bc2 h6 9.Nc4 Nxe4
10.dxe4 Bxc4 11.b3 Be6 12.h3 O-O 13.O-O Qe7 14.Qe2 f5 15.exf5 Bxf5 16.Bxf5 Rxf5 17.Be3
Bxe3 18.Qxe3 Raf8 19.Rad1 Nd8 20.Nd4 R5f7 21.Ne2 Qh4 22.f3 Ne6 23.c4 b6 24.Rc1 Nf4
25.Nxf4 Rxf4 26.Kh2 Rd4 27.g3 Qg5 28.f4 exf4 29.Qxd4 Qxg3+ 30.Kh1 Qxh3+ 31.Kg1 Qg3+
32.Kh1 Rf5 0-1

[Event "1. Bundesliga 2015/2016"]
[Site "St. Veit/Glan"]
[Date "2016.02.27"]
[Round "7"]
[Board "4"]
[White "Koop, Thorben"]
[Black "Hellmayr, Alois"]
[Result "1-0"]
[WhiteElo "2423"]
[BlackElo "2248"]
[PlyCount "59"]
[EventDate "2015.11.05"]
[EventType "team"]
[EventRounds "11"]
[EventCountry "AUT"]
[WhiteTeam "SV Jacques Lemans St. Veit"]
[BlackTeam "Spg Sauwald"]

1.e4 c5 2.Nf3 e6 3.d4 cxd4 4.Nxd4 a6 5.Bd3 Ne7 6.O-O Nec6 7.Nb3 Be7 8.f4 O-O 9.c3
d6 10.Be3 Nd7 11.N1d2 e5 12.f5 b5 13.Rf3 Bb7 14.Rh3 Re8 15.Qh5 Nf6 16.Qh4 g6 17.Qg3
Nb8 18.Rf1 Nbd7 19.fxg6 fxg6 20.c4 Bc6 21.Nf3 Nf8 22.Ng5 h5 23.Ne6 Nxe6 24.Qxg6+ Ng7
25.Bh6 Bf8 26.Rxf6 Ra7 27.Bg5 Qb6+ 28.Be3 Qb7 29.Rxh5 Bxe4 30.Bxe4 1-0

[Event "1. Bundesliga 2015/2016"]
[Site "St. Veit/Glan"]
[Date "2016.02.27"]
[Round "7"]
[Board "5"]
[White "Renner, Christoph"]
[Black "Hebesberger, Thomas"]
[Result "1-0"]
[WhiteElo "2326"]
[BlackElo "2319"]
[PlyCount "123"]
[EventDate "2015.11.05"]
[EventType "team"]
[EventRounds "11"]
[EventCountry "AUT"]
[WhiteTeam "Spg Sauwald"]
[BlackTeam "SV Jacques Lemans St. Veit"]

1.e4 c5 2.d3 Nc6 3.g3 g6 4.Bg2 Bg7 5.Nc3 e6 6.Be3 d6 7.Qd2 Rb8 8.Nf3 Nd4 9.Bxd4 cxd4
10.Nb5 Ne7 11.Nbxd4 O-O 12.c3 b5 13.a3 a5 14.O-O Qb6 15.Ne2 Bb7 16.Ne1 d5 17.exd5
Bxd5 18.Bxd5 Nxd5 19.d4 Rfd8 20.Nd3 b4 21.axb4 axb4 22.Rfc1 h5 23.h4 Kh7 24.Rd1 Rbc8
25.Ndf4 Ne7 26.Nh3 e5 27.Qe1 Nf5 28.d5 e4 29.Kh2 e3 30.Rd3 Re8 31.Ng5+ Kg8 32.f3 Be5
33.Ne4 Nxh4 34.Qf1 Nf5 35.Kh3 Nd6 36.Nxd6 Qxd6 37.f4 Bf6 38.Qf3 Rc7 39.Rad1 Rce7 40.Kg2
Re4 41.Rc1 bxc3 42.bxc3 Rc4 43.Rf1 Ra4 44.f5 Ra2 45.fxg6 fxg6 46.c4 Rf8 47.Rxe3 Bg7
48.Qe4 Rxf1 49.Kxf1 Kh7 50.Nf4 Qf6 51.Re2 Ra1+ 52.Kg2 Qg5 53.Qe7 Qg4 54.Qe6 Qg5 55.Qf7
Ra3 56.Qxg7+ Kxg7 57.Ne6+ Kf6 58.Nxg5 Kxg5 59.Rd2 Kf6 60.d6 Ra8 61.c5 Ke6 62.c6 1-0

[Event "1. Bundesliga 2015/2016"]
[Site "St. Veit/Glan"]
[Date "2016.02.27"]
[Round "7"]
[Board "6"]
[White "Ceschia, Ivano"]
[Black "Taggatz, Mario"]
[Result "0-1"]
[WhiteElo "2253"]
[BlackElo "2209"]
[PlyCount "94"]
[EventDate "2015.11.05"]
[EventType "team"]
[EventRounds "11"]
[EventCountry "AUT"]
[WhiteTeam "SV Jacques Lemans St. Veit"]
[BlackTeam "Spg Sauwald"]

1.e4 e6 2.d4 d5 3.e5 c5 4.c3 Nc6 5.Nf3 Nh6 6.Na3 cxd4 7.cxd4 f6 8.Bxh6 gxh6 9.Bb5
Bg7 10.O-O O-O 11.Bxc6 bxc6 12.exf6 Qxf6 13.Rc1 Ba6 14.Re1 Rac8 15.Qd2 h5 16.Rc5 Bh6
17.Qc3 Bb7 18.Nc2 Rc7 19.Kh1 h4 20.h3 Bf4 21.Ra5 Rg7 22.Rg1 Bb8 23.Nce1 Qg6 24.Nxh4
Qh6 25.Nef3 Rf4 26.g3 Re4 27.Re1 Qf6 28.Re3 Qh6 29.Qe1 Bxg3 30.Rxe4 dxe4 31.fxg3 exf3
32.Kh2 Qf6 33.Qf2 c5 34.Rxc5 Rd7 35.Rc3 Rxd4 36.Nxf3 Rd1 37.Rb3 Bd5 38.Rb8+ Kg7 39.Qxa7+
Qf7 40.Qxf7+ Kxf7 41.Ne5+ Kf6 42.Ng4+ Ke7 43.Nf2 Rf1 44.g4 Rxf2+ 45.Kg3 Rf3+ 46.Kh4
e5 47.b4 e4 0-1

[Event "1. Bundesliga 2015/2016"]
[Site "St. Veit/Glan"]
[Date "2016.02.27"]
[Round "7"]
[Board "1"]
[White "Ragger, Markus"]
[Black "Bromberger, Stefan"]
[Result "1/2-1/2"]
[WhiteElo "2697"]
[BlackElo "2531"]
[PlyCount "60"]
[EventDate "2015.11.05"]
[EventType "team"]
[EventRounds "11"]
[EventCountry "AUT"]
[WhiteTeam "SC MPOE Maria Saal"]
[BlackTeam "SIR Royal Salzburg"]

1.d4 d5 2.c4 dxc4 3.e3 Nf6 4.Bxc4 e6 5.Nf3 c5 6.O-O a6 7.Nc3 b5 8.Be2 Nbd7 9.d5 exd5
10.Nxd5 Bb7 11.Nxf6+ Qxf6 12.a4 Qc6 13.b3 Be7 14.Bb2 O-O 15.Qd3 Rab8 16.Rfd1 Rfd8
17.Qf5 Bf6 18.axb5 axb5 19.Bxf6 Nxf6 20.Bf1 Qb6 21.Rac1 Bd5 22.Rd3 c4 23.bxc4 Bxc4
24.Rxd8+ Qxd8 25.Nd4 Bxf1 26.Kxf1 b4 27.Nc6 Qd2 28.Qb1 Ne4 29.Rc2 Qd3+ 30.Ke1 Re8 1/2-1/2

[Event "1. Bundesliga 2015/2016"]
[Site "St. Veit/Glan"]
[Date "2016.02.27"]
[Round "7"]
[Board "2"]
[White "Mons, Leon"]
[Black "Pavasovic, Dusko"]
[Result "1-0"]
[WhiteElo "2461"]
[BlackElo "2547"]
[PlyCount "54"]
[EventDate "2015.11.05"]
[EventType "team"]
[EventRounds "11"]
[EventCountry "AUT"]
[WhiteTeam "SIR Royal Salzburg"]
[BlackTeam "SC MPOE Maria Saal"]

1.c4 e6 2.Nc3 d5 3.d4 c6 4.Bf4 dxc4 5.a4 Nf6 6.e3 Nd5 7.Bxc4 Nxf4 8.exf4 g6 9.Nf3
Bg7 10.h4 b6 11.Qe2 Bb7 12.Ne5 Qe7 13.Ne4 f6 14.Nf3 Nd7 15.O-O O-O 16.f5 Rfe8 17.fxe6
Nf8 18.Nc3 Rad8 19.Rfe1 f5 20.Rad1 Rd6 21.Qe3 Red8 22.Ne5 Nxe6 23.Nf3 Bc8 24.Ng5 Re8
25.d5 cxd5 26.Rxd5 Rxd5 27.Nxd5 Qd6 1-0

[Event "1. Bundesliga 2015/2016"]
[Site "St. Veit/Glan"]
[Date "2016.02.27"]
[Round "7"]
[Board "3"]
[White "Predojevic, Borki"]
[Black "Seyb, Alexander"]
[Result "1-0"]
[WhiteElo "2654"]
[BlackElo "2417"]
[PlyCount "71"]
[EventDate "2015.11.05"]
[EventType "team"]
[EventRounds "11"]
[EventCountry "AUT"]
[WhiteTeam "SC MPOE Maria Saal"]
[BlackTeam "SIR Royal Salzburg"]

1.e4 c5 2.Nf3 d6 3.c3 Nf6 4.g3 Nc6 5.d3 g6 6.Bg2 Bg7 7.O-O Bg4 8.h3 Bxf3 9.Qxf3 Nd7
10.Be3 b5 11.Qe2 Rc8 12.a3 a5 13.Nd2 b4 14.Rac1 O-O 15.f4 bxc3 16.bxc3 Nb6 17.Nf3
Qd7 18.d4 cxd4 19.cxd4 d5 20.Ne5 Bxe5 21.dxe5 d4 22.Bf2 Rb8 23.Qb5 Rfc8 24.Rfd1 Qe6
25.Bf1 Kg7 26.f5 Qd7 27.e6 fxe6 28.Rxc6 Qxc6 29.Qe5+ Kf7 30.Bxd4 Rg8 31.Bb5 Nd7 32.fxe6+
Qxe6 33.Rf1+ Nf6 34.Rxf6+ Qxf6 35.Bc4+ Kg7 36.Qxe7+ 1-0